Welcome to the Holygrace Academy Library

Please use search bar below to get started

ALAVAYAN (Record no. 7201)

MARC details
000 -LEADER
fixed length control field 00328nam a22001457a 4500
020 ## - INTERNATIONAL STANDARD BOOK NUMBER
ISBN 9789393468246
082 ## - DEWEY DECIMAL CLASSIFICATION NUMBER
Classification number 894.812.3
Item number MUR/A
100 ## - MAIN ENTRY--AUTHOR NAME
Personal name MURUKAN,PERUMAL
245 ## - TITLE STATEMENT
Title ALAVAYAN
250 ## - EDITION STATEMENT
Edition statement FIRST
260 ## - PUBLICATION, DISTRIBUTION, ETC. (IMPRINT)
Place of publication TRIVANDRUM
Name of publisher CHINTHA PUBLISHERS
Year of publication 2022
300 ## - PHYSICAL DESCRIPTION
Number of Pages 160
650 ## - SUBJECT ADDED ENTRY--TOPICAL TERM
Topical Term NOVEL -MALAYALAM
Geographic subdivision KERALA
942 ## - ADDED ENTRY ELEMENTS (KOHA)
Koha item type Books
Holdings
Withdrawn status Lost status Collection code Home library Current library Shelving location Date acquired Source of acquisition Full call number Accession Number Koha item type
    Fiction Main Library Main Library NEW SHELF WITH NEW ENTRY 26/10/2023 PURCHASE 894.812.3 MUR/A 13123 Books